| 000 | 00620nam a2200181Ia 4500 | ||
|---|---|---|---|
| 003 | GCL | ||
| 008 | 140319s9999 xx 000 0 ara d | ||
| 040 |
_aGCL / _cGCL |
||
| 082 | 0 | 4 |
_a301.412 _bر ت |
| 245 | 1 | 0 |
_aالتقرير الختامى للاجتماع التشاورى الاقليمى : _bالعنف ضد المراة : ابعاده وعواقبه |
| 260 |
_aالقاهرة : _bرابطة المراة العربية ، _c2003 |
||
| 300 |
_a43 ص ؛ _c24 سم |
||
| 650 | 0 | 4 | _aالمرأة |
| 650 | 0 | 4 | _aحقوق الانسان |
| 650 | 0 | 4 | _aالعنف |
| 650 | 0 | 4 | _aحقوق المرأة |
| 942 |
_2ddc _cBK |
||
| 999 |
_c32915 _d32915 |
||